NFL Baltimore Ravens 2022-2023 Active Roster - Statistics

General Stats
  • This quiz has been taken 371 times
  • The average score is 23 of 60
Answer Stats
Hint Answer % Correct
QB Lamar Jackson
100%
QB Tyler Huntley
93%
RB J.K. Dobbins
90%
TE Mark Andrews
86%
WR Rashod Bateman
77%
K Justin Tucker
74%
CB Marlon Humphrey
70%
FB Patrick Ricard
67%
WR Devin Duvernay
65%
LB Patrick Queen
63%
RB Justice Hill
62%
CB Marcus Peters
61%
TE Isaiah Likely
59%
FS Kyle Hamilton
57%
T Ronnie Stanley
57%
FS Marcus Williams
54%
CB Damarion Williams
52%
C Tyler Linderbaum
51%
DE Calais Campbell
47%
RB Kenyan Drake
45%
TE Nick Boyle
39%
LB Odafe Oweh
39%
SS Chuck Clark
38%
WR Demarcus Robinson
38%
WR James Proche II
37%
P Jordan Stout
37%
CB Jalyn Armour-Davis
35%
G Kevin Zeitler
35%
T Morgan Moses
35%
SS Geno Stone
33%
NT Travis Jones
33%
NT Michael Pierce
32%
RB Mike Davis
32%
WR Tylan Wallace
31%
LB David Ojabo
30%
TE Josh Oliver
30%
LB Justin Houston
30%
G Ben Powers
29%
LB Tyrus Bowser
27%
DE Justin Madubuike
26%
G Ben Cleveland
25%
CB Brandon Stephens
25%
LB Malik Harrison
25%
T Patrick Mekari
25%
DE Broderick Washington
24%
T Daniel Faalele
23%
LS Nick Moore
23%
DE Brent Urban
18%
LB Josh Bynes
16%
CB Kyle Fuller
16%
C Trystan Colon
16%
T Ja'Wuan James
15%
LB Del'Shawn Phillips
12%
CB Daryl Worley
11%
LB Kristian Welch
9%
LB Daelin Hayes
8%
LB Josh Ross
8%
WR Slade Bolden
5%
LB Steven Means
3%
LB Vince Biegel
3%
No matching quizzes found
Score Distribution
Percent of People with Each Score
Percentile by Number Answered
Your Score History
You have not taken this quiz